• AIU
  • Tony Wilmot Memorial Library

Instrumental articulatory phonetics : an introduction to techniques and results. (Record no. 63801)

MARC details
000 -LEADER
fixed length control field 00548nam a2200145 a 4500
005 - DATE AND TIME OF LATEST TRANSACTION
control field 20170619150142.0
008 - FIXED-LENGTH DATA ELEMENTS--GENERAL INFORMATION
fixed length control field 050804s1971 oku 001 0 eng d
100 1# - MAIN ENTRY--PERSONAL NAME
Personal name Keller, Kathryn C.
245 10 - TITLE STATEMENT
Title Instrumental articulatory phonetics : an introduction to techniques and results.
260 ## - PUBLICATION, DISTRIBUTION, ETC. (IMPRINT)
Place of publication, distribution, etc Norman, OK :
Name of publisher, distributor, etc Summer Institute of Linguistics ; University of Oklahoma,
Date of publication, distribution, etc 1971.
300 ## - PHYSICAL DESCRIPTION
Extent ix, 145 p.
440 #0 - SERIES STATEMENT/ADDED ENTRY--TITLE
Title SIL publications in linguistics and related fields ; 31
650 #4 - SUBJECT ADDED ENTRY--TOPICAL TERM
Topical term or geographic name as entry element Phonetics
942 ## - ADDED ENTRY ELEMENTS (KOHA)
Classification part 406.4
Item part S955 #31
Call number suffix 1971
Koha item type

No items available.